Grande es la prisión /

Gardado en:
Detalles Bibliográficos
Autor Principal: Djebar, Assia
Formato: Libro
Idioma:Lingua castelá
Publicado: Madrid, España : Ediciones del Oriente y del Mediterráneo, 1997, c1997
Series:(Letras del Oriente y del Mediterráneo ; 19)
Temas:
Etiquetas: Engadir etiqueta
Sen Etiquetas, Sexa o primeiro en etiquetar este rexistro!

MARC

LEADER 00000nam^a2200000^a^4500
001 000143460
005 20250521000000.0
009 20260310095724.708
020 |a 84-87198-43-0 
037 |a Acervo ITESO - Biblioteca 
041 |a ESP 
082 |a 892. 7  |b DJE 
100 |a Djebar, Assia 
245 1 0 |a Grande es la prisión /  |c A. Djebar ; tr. por Inmaculada Jiménez Morell. 
264 4 |a Madrid, España :  |b Ediciones del Oriente y del Mediterráneo,  |c 1997, c1997 
300 |a 445 p. 
336 |a texto  |b txt  |2 rdacontenido 
337 |a sin mediación  |b n  |2 rdamedio 
338 |a volumen  |b nc  |2 rdasoporte 
440 1 |a (Letras del Oriente y del Mediterráneo ;  |v 19) 
500 |a Traducción de: Vaste est la prison 
545 0 |a Assia Djebar, es el seudónimo de la escritora y cineasta argelina Fatema Zohra Imalayen, nacida en 1936. Ha dirigido los largometrajes La Nouba des femmes du mont Chenoua y La Zerba ou les chants de l'oubli. Su obra literaria incluye, entre otros: La soif (1956); Les impatients (1958); Les enfants du nouveau monde (1962); Les alouettes naïves (1967); Femmes d'Alger dans leur appartement (1980); Lejos de Medina (1992); El blanco de Argelia (1995); Sombra sultana y Grande es la prisión. 
649 |a XX 
650 |a Novela Argelina 
650 |a Novela Arabe 
650 |a Literatura Argelina -  |y Siglo XX 
650 |a Literatura Arabe -  |y Siglo XX 
650 |a Literatura en Francés -  |z Argelia 
650 |a Literatura de Mujeres -  |z Argelia 
910 |a Fondo General 
920 |a Impresos - Libros 
930 |a Colección General 
940 |a Literatura 
905 |a 101 
901 |a 0500072069  |b IT1  |c LIT  |u 20250521 
902 |a https://opac.biblio.iteso.mx/vufind/Record/000143460